|
|
|
|
| LEADER |
01065cam a2200301 i 4500 |
| 001 |
3018 |
| 003 |
BD-DhAAL |
| 005 |
20130821130617.0 |
| 008 |
130821s1978 nyua b 001 0 eng d |
| 010 |
|
|
|a 77023966
|
| 020 |
|
|
|a 0070503524
|
| 040 |
|
|
|a DLC
|c DLC
|d DLC
|d BD-DhAAL
|
| 050 |
0 |
0 |
|a RT23
|b .P54
|
| 082 |
0 |
0 |
|a 301.14/02/4613
|
| 100 |
1 |
|
|a Pluckhan, Margaret L.
|9 2722
|
| 245 |
1 |
0 |
|a Human communication :
|b the matrix of nursing /
|c Margaret L. Pluckhan.
|
| 260 |
|
|
|a New York :
|b McGraw-Hill,
|c c1978.
|
| 300 |
|
|
|a xi, 196 p. :
|b ill. ;
|c 23 cm.
|
| 500 |
|
|
|a "A Blakiston publication."
|
| 504 |
|
|
|a Includes bibliographies and index.
|
| 541 |
|
|
|e 3018
|
| 650 |
|
0 |
|a Communication in nursing.
|9 2723
|
| 650 |
|
0 |
|a Interpersonal communication.
|9 2724
|
| 650 |
|
2 |
|a Communication.
|9 2725
|
| 650 |
|
2 |
|a Nurse-patient relations.
|9 2726
|
| 942 |
|
|
|2 ddc
|c BK
|
| 999 |
|
|
|c 13871
|d 13871
|
| 952 |
|
|
|0 0
|1 0
|2 ddc
|4 0
|6 301_140246130000000_PLU
|7 0
|9 23213
|a BRACUL
|b BRACUL
|c GEN
|d 2013-08-21
|g 0.00
|l 0
|o 301.14024613 PLU
|p 3010003018
|r 2013-08-21
|t 1
|w 2013-08-21
|y BK
|z Not price in Register
|